Vplyv letných olympijských hier 2012 na Veľkú Britániu bakalárska práca

Gespeichert in:
Bibliographische Detailangaben
1. Verfasser: Koštialová, Veronika
Körperschaft: Fakulta medzinárodných vzťahov EU. Katedra medzinárodných ekonomických vzťahov a hospodárskej diplomacie
Weitere Verfasser: Šabo, Marián
Format: Buch
Sprache:Slowakisch
Veröffentlicht: Bratislava 2013
Tags: Tag hinzufügen
Keine Tags, Fügen Sie das erste Tag hinzu!

MARC

LEADER 00000nbm a2200000 4500
001 0172738
005 20161109112114.4
041 0 |a slo 
044 |a SK 
245 1 0 |a Vplyv letných olympijských hier 2012 na Veľkú Britániu  |b bakalárska práca  |c Veronika Koštialová ; školiteľ: Marián Šabo 
264 1 |a Bratislava  |c 2013 
300 |a 54 s. 
100 1 |a Koštialová, Veronika 
700 1 |a Šabo, Marián 
710 2 |a Fakulta medzinárodných vzťahov EU. Katedra medzinárodných ekonomických vzťahov a hospodárskej diplomacie